000 00659nam a2200253Ia 4500
003 OSt
005 20221006143225.0
006 a|||||r|||| 00| 0
007 ta
008 221006b |||||||| |||| 00| 0 eng d
020 _c857.00
024 _a8,392
037 _cTextual
040 _aEASL
_cEASL
_beng
041 _2eng
_aeng
082 _aX5:Z42.N82, M4
100 _aHAHN Elliott J
_9649457
245 0 _aJapanese business Law and the legal system
260 _aLandon
_bQuorum Books
_c1984
300 _a298p.
_ccm.
490 _v JEL
942 _hX5:Z42.N82, M4
_cTEXL
_2CC
999 _c1076478
_d1076478